Kaali_Malayalam (Record no. 38112)

MARC details
000 -LEADER
fixed length control field 01410nam a22001937a 4500
020 ## - INTERNATIONAL STANDARD BOOK NUMBER
ISBN 9789357327312
082 ## - DEWEY DECIMAL CLASSIFICATION NUMBER
Classification number 920 ASW
100 ## - MAIN ENTRY--AUTHOR NAME
Personal name Aswathy Sreekanth
245 ## - TITLE STATEMENT
Title Kaali_Malayalam
250 ## - EDITION STATEMENT
Edition statement 1
260 ## - PUBLICATION, DISTRIBUTION, ETC. (IMPRINT)
Name of publisher DC Books
Place of publication Kottayam
Year of publication 2025
300 ## - PHYSICAL DESCRIPTION
Number of Pages Number of pages : 144
500 ## - GENERAL NOTE
General note Category : Short Stories, Best Sellers
520 ## - SUMMARY, ETC.
Summary, etc เด•เดฃเตเดŸเตเดฎเดฑเดจเตเดจเดคเต‹, เดชเดฑเดžเตเดžเตเดชเดฟเดฐเดฟเดžเตเดžเดคเต‹ เด†เดฏ เดชเต†เตบเดœเต€เดตเดฟเดคเด™เตเด™เดณเต†เด•เตเด•เตเดฑเดฟเดšเตเดšเตเดณเตเดณ เดŽเดดเตเดคเตเดคเตเด•เตพ, เด…เดฅเดตเดพ เด‰เดณเตเดณเดฟเตฝ เด‡เดชเตเดชเต‹เดดเตเด‚ เดคเต‹เตผเดจเตเดจเดฟเดŸเตเดŸเดฟเดฒเตเดฒเดพเดคเตเดค เดธเตเดตเดชเตโ€Œเดจเดธเดจเตเดจเดฟเดญเดฎเดพเดฏ เดฎเดดเดชเตเดชเต†เดฏเตเดคเตเดคเตเด•เตพ. เดธเด•เดฒ เดชเต†เตบเดญเดพเดตเด™เตเด™เดณเต†เดฏเตเด‚ เด‰เตพเด•เตเด•เตŠเดณเตเดณเตเดจเตเดจ เด’เดฎเตเดชเดคเต เด•เดฅเด•เตพ.เดตเดพเดฏเดจเด•เตเด•เดพเตผ เดนเตƒเดฆเดฏเดคเตเดคเดฟเดฒเต‡เดฑเตเดฑเดฟเดฏ 'เด เดพ' เดฏเดฟเดฒเตเดฒเดพเดคเตเดค เดฎเตเดŸเตเดŸเดพเดฏเดฟเด•เตพ, เดฎเดดเดฏเตเดฑเตเดฎเตเดชเตเด•เดณเตเดŸเต† เดฐเดพเดœเตเดฏเด‚ เดคเตเดŸเด™เตเด™เดฟเดฏ เด•เตƒเดคเดฟเด•เดณเดฟเดฒเต‚เดŸเต† เดถเตเดฐเดฆเตเดงเต‡เดฏเดฏเดพเดฏ เด…เดถเตเดตเดคเดฟ เดถเตเดฐเต€เด•เดพเดจเตเดคเดฟเดจเตเดฑเต† เดเดฑเตเดฑเดตเตเด‚ เดชเตเดคเดฟเดฏ เดชเตเดธเตเดคเด•เด‚.
546 ## - LANGUAGE NOTE
Language note Language : Malayalam
650 ## - SUBJECT ADDED ENTRY--TOPICAL TERM
Topical Term GEN
942 ## - ADDED ENTRY ELEMENTS (KOHA)
Koha item type Text Book
952 ## - LOCATION AND ITEM INFORMATION (KOHA)
Damaged status
Not for loan
Holdings
Withdrawn status Collection code Permanent Location Current Location Date acquired Source of acquisition Cost, normal purchase price Inventory number Full call number Accession Number Price effective from Koha item type
  GENERAL VAST Central Library VAST Central Library 25/11/2025 DC Bookshop,Thrissur 199.00 000729 920 ASW 38255 18/12/2025 Text Book